000 00439nam a2200157Ia 4500
008 240729s9999 xx 000 0 und d
022 _a2450-5471
245 0 _aJournal of Mechanical Engineering
260 _aPoland
260 _bSciendo
650 _a Engineering (General). Civil engineering (General)
650 _aTechnology
856 _uhttps://doaj.org/toc/0b89bb61a5454eca9d9b242675d7295f
942 _2ddc
942 _cDOAJEJ
999 _c72043
_d72043
945 _a1
_bMadushi Gamage
_c1
_dMadushi Gamage